Shakespearean tragedy/ (Record no. 41196)

MARC details
000 -LEADER
fixed length control field 00753nam a22002297a 4500
005 - DATE AND TIME OF LATEST TRANSACTION
control field 20100811164548.0
010 ## - LCCN (DPL NO)
LC control number ENG-99827
020 ## - INTERNATIONAL STANDARD BOOK NUMBER
Terms of availability 595.00
International Standard Book Number 8174875727
035 ## - SYSTEM CONTROL NUMBER
System control number EN-83359
037 ## - SOURCE OF ACQUISITION
Source of stock number/acquisition DBAD/PUB
082 ## - DEWEY DECIMAL CLASSIFICATION NUMBER
Classification number 882.08
100 ## - MAIN ENTRY--PERSONAL NAME
Personal name Bradley, A.C.
245 ## - TITLE STATEMENT
Title Shakespearean tragedy/
Statement of responsibility, etc by A.C. Bradley
260 ## - PUBLICATION, DISTRIBUTION, ETC. (IMPRINT)
Place of publication, distribution, etc New Delhi
Name of publisher, distributor, etc Radha Publications
Date of publication, distribution, etc 2008
270 ## - ADDRESS
City New Delhi
Postal code 110002
Address 4231/1,Ansari Road Dariyaganj,New Delhi
300 ## - PHYSICAL DESCRIPTION
Extent xi,498p.
Dimensions 21cm (Hb)
500 ## - GENERAL NOTE
General note Includes index
700 ## - ADDED ENTRY--PERSONAL NAME
9 (RLIN) 10603
700 ## - ADDED ENTRY--PERSONAL NAME
9 (RLIN) 10604
942 ## - ADDED ENTRY ELEMENTS (KOHA)
Source of classification or shelving scheme Dewey Decimal Classification
Item type English Books
Classification part 882.08
Call number suffix BRA
Holdings
Withdrawn status Lost status Not for loan Collection code Home library Current library Date acquired Source of acquisition Cost, normal purchase price Full call number Barcode Copy number Cost, replacement price Koha item type
    Not For Loan Non-fiction D.B.Act.Division D.B.Act.Division 11/08/2010 DBAD/PUB 595.00 882.08 BRA EN-83359 1 595.00 English Books

© Delhi Public Library
Hit Counter
free hit counter